000 01597cam a2200313 a 4500
005 20191224041736.0
008 050623s2004 cl ad r 10010dspa d
020 _a9213225369
040 _ala
_cla
_dCO-BoIAVH
041 0 _aspa
044 _acl
082 0 4 _a664.024
_bS35t
111 2 _aSeminario Regional Los transgénicos y sus impactos en la agricultura de América Latina y el Caribe
_d(2001 :
_cTermas de Cauquenes, Chile)
245 1 4 _aLos transgénicos en América Latina y el Caribe :
_bun debate abierto /
_cSeminario Regional Los transgénicos y sus impactos en la agricultura de América Latina y el Caribe.
260 _aSantiago de Chile :
_bNaciones Unidas :
_bCEPAL,
_c2004.
300 _a396 páginas :
_bIlustraciones, gráficas ;
_c23 x 16 cm.
504 _aIncluye referencias bibliográficas: páginas 375-396.
650 1 4 _aAlimentos modificados genéticamente
_z América Latina.
650 1 4 _aIngeniería genética.
650 2 4 _aPlantas transgénicas
_z América Latina
_v Congresos, conferencias, etc..
650 2 6 _aBiotecnología agrícola.
650 2 4 _aBiología vegetal
_z América Latina.
650 2 4 _aCiencia y tecnología
_x Aspectos sociales
_z América Latina.
650 2 4 _aAlimentos modificados genéticamente
_v Patentes.
650 2 4 _aIndustrias agropecuarias
_x Innovaciones tecnológicas.
650 2 6 _aTecnología de alimentos
_x Innovaciones Tecnológicas.
710 2 _aONU.
_bComisión Económica para América Latina y el Caribe.
942 _2ddc
_cLIBRO
999 _c4404
_d4404